00650nam a2200193 a 450000100060000000300080000600500170001400800410003103500190007204000360009104100080012708200260013510000450016124500990020626000500030530000370035565000280039270000360042072956BD-RjUL20211209082330.0170525s1957 maua d 000 0 eng d a(BD-RjUL)73174 aDLC/ICUcICUdDLCdBD-RjULbeng aeng00223a579.503bSNG 19571 aSnell, Walter H.q(Walter Henry),d1889-12aA glossary of mycology /cWalter H. Snell & Esther A. Dick. With illus. by Henry A.C. Jackson. aCambridge :bHarvard University Press,c1957. axxxi, 171 p. :billus. ;c26 cm. 0aMycologyxDictionaries.1 aDick, Esther A.,ejoint author.